Telemarketing je samozrejmosťou, call centier nepribúda

Využívanie telefónu na podporu predaja (telemarketing) - vývoj vo svete a na Slovensku. Slovensko zaostáva. Väčšina call centier pôsobiacich na Slovensku nemá dlhú tradíciu. Príčiny súčasného stavu. O slabej pozícii spoločností poskytujúcich outsourcovanie aktívneho či pasívneho telemarketingu hovor...

Descrizione completa

Salvato in:
Dettagli Bibliografici
Autore principale: Múčka, František
Natura: Capitolo di libro
Lingua:slovacco
Soggetti:
Tags: Aggiungi Tag
Nessun Tag, puoi essere il primo ad aggiungerne!!

MARC

LEADER 00000naa$a2200000$$$4500
001 0005839
005 20231009074605.4
041 0 |a slo 
044 |a SK 
245 1 0 |a Telemarketing je samozrejmosťou, call centier nepribúda  |c aut. František Múčka 
520 |a Využívanie telefónu na podporu predaja (telemarketing) - vývoj vo svete a na Slovensku. Slovensko zaostáva. Väčšina call centier pôsobiacich na Slovensku nemá dlhú tradíciu. Príčiny súčasného stavu. O slabej pozícii spoločností poskytujúcich outsourcovanie aktívneho či pasívneho telemarketingu hovorí aj porovnanie s Českom, kde je omnoho viac telemarketingových spoločností. Telemarketing cez hranice. Telemarketing predáva viac. 
610 2 0 |a telemarketing 
610 2 0 |a podpora predaja 
610 2 0 |a outsourcing 
610 2 0 |a Slovensko 
610 2 0 |a svet 
100 1 |a Múčka, František